00582nam a2200205 a 45000010010000000030011000100080041000210350026000620820013000881000020001012450018001212600036001396500015001758560043001909420012002339520090002459900006003359980020003419990015003610000-8636ELIB.Books110520 1949  a(ELIB.Books)0000-8782 a30 bBas aBasescu, Sophie aThe Word Bank bEmmaus: The Rodale Press c1949 aDictionary nK.B.T.S LibraryuK.B.T.S Library ELIB. 2ddccBK 00102ddc4070aKBTSbKBTSd2011-05-20l0p1516r2022-01-22 00:00:00w2022-01-22yBK a1 cbate2011-05-20 c8636d8636